Pays avec une seule langue officielle - Statistiques

Statistiques générales
  • Ce quiz a été pris 286 fois
  • Le résultat moyen est 119 sur 181
Statistiques - réponses
Continent Continent % Correct
Europe France
91%
Europe Allemagne
89%
Langue Anglais
86%
Langue Français
86%
Asie Japon
86%
Europe Portugal
86%
Amérique du sud Brésil
85%
Europe Espagne
85%
Langue Espagnol
85%
Asie Chine
84%
Europe Russie
84%
Amérique du sud Argentine
83%
Amérique du nord et centrale Etats-Unis
83%
Europe Italie
83%
Langue Allemand
82%
Langue Arabe
82%
Amérique du nord et centrale Mexique
82%
Langue Portugais
82%
Océanie Australie
81%
Europe Autriche
81%
Europe Suède
81%
Amérique du sud Chili
80%
Langue Chinois
80%
Europe Royaume-Uni
80%
Amérique du sud Venezuela
80%
Amérique du sud Colombie
79%
Europe Danemark
79%
Langue Russe
79%
Europe Pologne
78%
Asie Arabie Saoudite
76%
Europe Estonie
76%
Langue Grec
76%
Europe Hongrie
76%
Asie Iran
76%
Langue Italien
76%
Asie Turquie
76%
Amérique du sud Uruguay
76%
Langue Danois
75%
Amérique du sud Guyana
75%
Langue Japonais
75%
Europe Norvège
75%
Europe Pays-Bas
75%
Europe Albanie
74%
Europe Croatie
74%
Europe Lituanie
74%
Europe Roumanie
74%
Europe Slovaquie
74%
Langue Suédois
74%
Amérique du nord et centrale Belize
73%
Afrique Egypte
73%
Amérique du sud Equateur
73%
Amérique du nord et centrale Guatemala
73%
Amérique du nord et centrale Panama
73%
Afrique République démocratique du Congo
73%
Afrique République du Congo
73%
Europe Serbie
73%
Europe Slovénie
73%
Asie Yemen
73%
Asie Corée du Nord
72%
Asie Corée du Sud
72%
Amérique du nord et centrale Cuba
72%
Langue Hongrois
72%
Langue Letton
72%
Europe Monaco
72%
Afrique Sénégal
72%
Amérique du sud Surinam
72%
Asie Syrie
72%
Europe Ukraine
72%
Afrique Angola
71%
Amérique du nord et centrale Costa Rica
71%
Amérique du nord et centrale Nicaragua
71%
Langue Polonais
71%
Asie Vietnam
71%
Asie Arménie
70%
Europe Bulgarie
70%
Europe Grèce
70%
Europe Lettonie
70%
Afrique Mali
70%
Asie Oman
70%
Asie Qatar
70%
Langue Croate
69%
Europe Islande
69%
Afrique Libye
69%
Europe Andorre
68%
Afrique Guinée
68%
Amérique du nord et centrale Honduras
68%
Asie Indonésie
68%
Asie Israël
68%
Afrique Niger
68%
Langue Norvégien
68%
Amérique du nord et centrale Salvador
68%
Langue Serbe
68%
Langue Slovaque
68%
Langue Albanais
67%
Amérique du nord et centrale Bahamas
67%
Langue Roumain
67%
Afrique Tunisie
67%
Langue Turc
67%
Langue Estonien
66%
Asie Liban
66%
Langue Mongol
66%
Afrique Nigeria
66%
Europe République tchèque
66%
Langue Thai
66%
Amérique du nord et centrale Barbade
65%
Asie Emirats Arabes Unis
65%
Asie Jordanie
65%
Asie Laos
65%
Langue Néerlandais
65%
Langue Slovène
65%
Langue Coréen
64%
Afrique Gambie
64%
Asie Koweit
64%
Europe Liechtenstein
64%
Langue Lituanien
64%
Europe Moldavie
64%
Afrique Bénin
63%
Langue Bulgare
63%
Langue Malais
63%
Afrique Mauritanie
63%
Afrique Mozambique
63%
Asie Népal
63%
Langue Tchèque
63%
Langue Islandais
62%
Asie Thaïlande
62%
Afrique Togo
62%
Langue Ukrainien
62%
Afrique Guinée Bissau
61%
Asie Mongolie
61%
Asie Cambodge
60%
Europe Macédoine
60%
Europe Montenegro
60%
Amérique du nord et centrale Saint Christophe et Nieves
60%
Langue Vietnamien
60%
Langue Arménien
59%
Asie Bahrein
59%
Amérique du nord et centrale Dominique
59%
Afrique Gabon
59%
Asie Géorgie
59%
Afrique Ghana
59%
Afrique Zambie
59%
Amérique du nord et centrale Antigua et Barbuda
58%
Afrique Cap Vert
58%
Afrique Côte d'Ivoire
58%
Amérique du nord et centrale Grenade
58%
Afrique Namibie
58%
Amérique du nord et centrale République dominicaine
58%
Amérique du nord et centrale Saint Vincent et les Grenadines
58%
Asie Taiwan
58%
Asie Azerbaidjan
57%
Amérique du nord et centrale Sainte Lucie
57%
Langue Hébreu
56%
Asie Malaisie
56%
Langue Moldave
56%
Langue Birman
55%
Amérique du nord et centrale Trinité et Tobago
55%
Asie Bangladesh
53%
Asie Bhoutan
52%
Asie Birmanie
52%
Afrique Liberia
52%
Langue Macédonien
52%
Afrique Sao Tome et Principe
51%
Afrique Sierra Leone
51%
Afrique Burkina Faso
50%
Langue Indonésien
50%
Afrique Soudan du sud
50%
Langue Népalais
49%
Langue Géorgien
47%
Océanie Micronésie
46%
Asie Maldives
44%
Océanie Salomon
44%
Langue Catalan
40%
Langue Laotien
37%
Langue Persan
37%
Langue Monténégrin
36%
Langue Azeri
34%
Langue Khmer
32%
Langue Bengali
31%
Asie Palestine
22%
Langue Maldivien
19%
Langue Dzongkha
10%
Aucun quiz correspondant
Distribution des résultats
% des personnes avec chaque résultat
Percentile par nombre de réponses
Votre historique - résultats
Vous n’avez pas pris ce quiz